Das 19. Jahrhundert - Statistiken

Allgemein
  • Dieses Quiz wurde 285 mal gespielt
  • Das Durchschnittsergebnis liegt bei 7 aus 20
Antwortstatistiken
Jahr Beschreibung Antwort % Korrekt
1889 Dieser Turm wird zum höchsten von Menschenhand geschaffenen Bauwerk der Welt {Eiffel} Turm
87%
1869 Dieser Kanal ist in Ägypten fertiggestellt Suez Kanal
77%
1839–1860 China führt wegen dieser Droge zwei Kriege mit westlichen Mächten Opium
63%
1815 Napoleon erleidet in dieser Schlacht seine endgültige Niederlage Schlacht von Waterloo
63%
1865 Dieser politische Führer wird im Ford's Theatre ermordet Abraham Lincoln
53%
1837–1901 Diese Königin regiert den größten Teil des Jahrhunderts über das Britische Empire Queen Victoria
49%
1865 Edward Whymper führt die erste Gruppe an, die diesen Schweizer Gipfel bestieg Matterhorn
47%
1836 Diese kurzlebige Republik erklärt ihre Unabhängigkeit von Mexiko Texas
44%
1824 Dieser Komponist vollendet seine neunte und letzte Symphonie Ludwig van Beethoven
40%
1844 "What hath God wrought" ist die erste Botschaft, die mit dieser neuen Technologie gesendet wird Telegraphie
40%
1803 Die Vereinigten Staaten kaufen dieses Territorium von Frankreich Louisiana
35%
1831 Dieser Naturforscher beginnt seine berühmte Reise auf der HMS Beagle Charles Darwin
33%
1818 Mary Shelley veröffentlicht diesen Horrorroman Frankenstein
33%
1804 Dieses Land wird nach einem Sklavenaufstand unabhängig Haiti
24%
1819 Dieser „Befreier“ wird der erste Präsident von Großkolumbien Simón Bolívar
23%
1825 Dieser Kanal verbindet die Großen Seen mit dem Atlantischen Ozean Erie Kanal
12%
1877 Dieser Erfinder patentiert den Phonographen Thomas Edison
11%
1824 Dieser romantische Dichter starb im Kampf für die Unabhängigkeit Griechenlands Lord Byron
6%
1816–1828 Dieser Kriegerkönig vereint viele Zulu-Stämme Shaka Zulu
5%
1873 Levi Strauss erfindet diese Art von Kleidung Blaue Jeans
3%
Keine übereinstimmenden Quizze gefunden
Verteilung der Resultate
Anzahl Personen mit jedem Resultat
Perzentil nach korrekt beantworteten Fragen
Ihre Resultats-Entwicklung
Sie haben dieses Quiz noch nicht gespielt